|
|
|
|
| LEADER |
00000nam0a2200000 4500 |
| 001 |
322022 |
| 005 |
20231102003432.0 |
| 035 |
|
|
|a (RuTPU)RU\TPU\book\347578
|
| 090 |
|
|
|a 322022
|
| 100 |
|
|
|a 20160914d1955 m y0rusy50 ca
|
| 101 |
0 |
|
|a rus
|
| 102 |
|
|
|a RU
|
| 105 |
|
|
|a y z 001zb
|
| 200 |
1 |
|
|a Александр Петрович Орлов. Из истории русской сейсмологии
|f Г. П. Горшков
|g Академия наук СССР (АН СССР)
|
| 210 |
|
|
|a Москва
|c Изд-во АН СССР
|d 1955
|
| 215 |
|
|
|a 63 с.
|c ил.
|
| 225 |
1 |
|
|a Научно-популярная серия
|
| 320 |
|
|
|a Библиогр.: с. 56-61
|
| 606 |
1 |
|
|a Сейсмология
|2 stltpush
|3 (RuTPU)RU\TPU\subj\54391
|9 72548
|
| 610 |
1 |
|
|a биография
|
| 610 |
1 |
|
|a история
|
| 610 |
1 |
|
|a исследования
|
| 675 |
|
|
|a 550.34
|v 3
|
| 700 |
|
1 |
|a Горшков
|b Г. П.
|
| 712 |
0 |
2 |
|a Академия наук СССР (АН СССР)
|c (1925-1991)
|2 stltpush
|3 (RuTPU)RU\TPU\col\722
|
| 801 |
|
1 |
|a RU
|b 63413507
|c 20160914
|
| 801 |
|
2 |
|a RU
|b 63413507
|c 20160926
|g RCR
|
| 942 |
|
|
|c BK
|